MDQL
is popping MORE tags! Check the
thread
!
Quizzes
Events
Quiz Creation
Community
Videos
Private Events
Remove Ads
Sign In
Join for FREE
Feedback
Dark Mode
Quiz Categories
Sports
Geography
Music
Movies
Television
Just For Fun
Miscellaneous
History
Literature
Language
Science
Gaming
Entertainment
Religion
Holiday
For Kids
Quiz Lab
Recent
Popular Today
Quiz Kudos Today
Editor Picks
Curator Picks
Quizzes by...
Day
Popularity
Type
Ratings
Length
Year
Community
Subscriptions
Recent Discussions
Orange Saloon
Badges
Playlists
Quests
Create
Leaderboards
Showdown
Live 5
Trivia Bingo
Activity
Puzzle Library
Sporcle Events
Private Events
Virtual Trivia
Globe League
Become a Host
Pub Owners
SporcleCon
Opinionation
Our Games
Videos
Blog
Mobile Apps
Partnerships
Remove Ads and Go Orange
Feedback
Music
Pop Music
The Beatles
Song
Album
Lyrics
Bands
Singers
Artist
Clip
Rock
Rap
Classical
Billboard
Country Music
Kpop
Taylor Swift
Music
Pop Music
The Beatles
Song
Album
Lyrics
Bands
Singers
Artist
Clip
Rock
Rap
Classical
Billboard
Country Music
Kpop
Taylor Swift
Random Quiz
Search Sporcle
×
Editor Pick
Editor Pick
Music
Bands
Click on answers out of a set of options
Click on answers out of a set of options
Multiple Choice
Best Score? Go Orange.
Which Album?: The Beatles Stats
Can you choose which album these Beatles songs are originally from?
By
eon
5m
20 Questions
2,502 Plays
2,502 Plays
2,502 Plays
Comments
Comments
Give Quiz Kudos
Give Quiz Kudos
-
- Ratings
hide this ad
Random Order
Randomize order of answers
Randomize order of answers
Replay
Link that replays current quiz
Next Quiz
Link to next quiz in quiz playlist
You Got
0%
They Got
Avg Score
68%
Avg Friend Score
Upgrade to see
Score Distribution
Jump to the score distribution portion of the page
Score
0/20
Timer
05:00
0
Plays Today
Question
Answer
Wrong Answers
With a Little Help From My Friends
Sgt. Pepper's Lonely Hearts Club Band
88%
Let It Be
2.2%
Revolver
2%
Help!
3%
Revolution 9
The White Album
83.7%
Sgt. Pepper's Lonely Hearts Club Band
4%
Let It Be
3.2%
Abbey Road
3.6%
Helter Skelter
The White Album
82.1%
Sgt. Pepper's Lonely Hearts Club Band
4.3%
Revolver
5.7%
Abbey Road
3.1%
Get Back
Let It Be
79.6%
Help!
5.1%
Revolver
5.4%
Rubber Soul
5.2%
Blackbird
The White Album
79.5%
Revolver
7.2%
Rubber Soul
6%
Help!
2.8%
Something
Abbey Road
78.8%
Revolver
5.8%
Let It Be
8.2%
Yellow Sumbarine
2.9%
Maxwell's Silver Hammer
Abbey Road
77.3%
The White Album
11.6%
Help!
2.7%
Beatles For Sale
3.8%
Drive My Car
Rubber Soul
75.5%
Revolver
12.4%
Abbey Road
3.6%
The White Album
4%
Blue Jay Way
Magical Mystery Tour
75.2%
Sgt. Pepper's Lonely Hearts Club Band
6.3%
Abbey Road
5.7%
Yellow Submarine
7.8%
Eleanor Rigby
Revolver
71.3%
Rubber Soul
10.6%
Help!
3.8%
Sgt. Pepper's Lonely Hearts Club Band
9.4%
Girl
Rubber Soul
68.5%
With The Beatles
8.2%
Beatles For Sale
10.2%
Please Please Me
8.3%
Hey Bulldog
Yellow Submarine
68.4%
Let It Be
9.1%
Rubber Soul
8.8%
Revolver
8.9%
I Saw Her Standing There
Please Please Me
63.6%
A Hard Day's Night
11.7%
With The Beatles
13.8%
Help!
6.2%
Yesterday
Help!
63.3%
A Hard Day's Night
11.2%
Revolver
10.8%
Let It Be
9.8%
And I Love Her
A Hard Day's Night
58.2%
Please Please Me
14.8%
With The Beatles
17.7%
Let It Be
4.4%
If I Fell
A Hard Day's Night
58.1%
Please Please Me
9.3%
Beatles For Sale
14.8%
With The Beatles
12.8%
I'll Follow The Sun
Beatles For Sale
55.8%
Abbey Road
10%
Rubber Soul
14.2%
With The Beatles
15.2%
Yellow Submarine
Revolver
54.1%
Rubber Soul
5.9%
Abbey Road
3.7%
Magical Mystery Tour
32%
All My Loving
With The Beatles
49.5%
Please Please Me
19.3%
A Hard Day's Night
18.1%
Help!
8.2%
Dizzy Miss Lizzy
Help!
44%
With The Beatles
13.1%
Beatles For Sale
23.6%
Please Please Me
14.2%
Quiz Playlist
Details
Report
Send in Message
Add To Playlist
Multiple Choice:
Click on answers out of a set of options
Random Order:
Randomize order of answers
Last Updated: Feb 16, 2017
Editor Pick in
Music
Curator Pick in
Album
Quiz Scoreboard
CHALLENGE
Sign Up to Join the Scoreboard
Show All
Scores
Hide
Comments
May contain spoilers
Recently Published
5x2 Blitz: Bands
by SL_Kpop136
Music
30s
Colored Red Africa Blitz
by spor1
Geography
30s
Find the 'City' Movie
by crazypaving
Movies
60s
More to Explore
Quiz From the Vault
Featured Blog Post
14 Easter Pick-up Lines to Find Eggs With
hide this ad
You Might Also Like...
Tags
Album Quiz
Bands Quiz
Song Quiz
The Beatles Quiz
four
Multiple Choice
option
Studio Albums
UK Bands
White Album
Today's Top Quizzes in Music
Browse Music
hide this ad
Today's Top Quizzes in Bands
Browse Bands
Top Contributed Quizzes in Music
1
5X2 Blitz: Bands II
2
Taylor Swift All Songs (2024)
3
5X2 Blitz: The Beatles
4
5X2 Blitz: Billboard
5
Taylor Swift Logic Puzzle
6
Taylor Swift Logic Puzzle II
7
5X2 Blitz: Album
8
5X2 Blitz: Billboard II
9
Music Artist by Three 2010s hits
10
5X2 Blitz: Rock
Explore More
Trending Topics
Kpop
Disney
Crossword
Anime
NBA
Harry Potter
Marvel
NFL
Country
Pokémon
Song
The Office
Puzzle
Soccer
WWE
hide this ad
More By:
eon
Quiz
Plays
Rating
Category
Featured
Created
Find the Countries of South America
1,621,348
4.80
Geography
Nov 5, 2015
30 Second Logic Puzzle
1,472,146
4.08
Just For Fun
Dec 27, 2015
13 Colonies Picture Click
347,683
4.47
History
Nov 20, 2015
Criteria Best Picture
201,356
3.67
Movies
Oct 20, 2015
Click a Bordering Country
143,126
4.30
Geography
May 11, 2016
Go to Creator's Profile
Score Distribution
Quiz Creator Spotlight
eon
Follow
Send a Message
Quizzes Created
-
Created Quiz Play Count
-
More By This Creator
Popular Quizzes Today
1
Find the 'City' Movie
2
5x2 Blitz: Bands
3
Colored Red Africa Blitz
4
The Countries of the World
5
Find the US States - No Outlines Minefield
6
Find the US States
7
9x9 Crossword: Cartoon Network
8
US States
More Music Quizzes
10 to 1: Classic Rock Songs VIII
Published
Trending Quizzes
Colored Red Africa Blitz II
Colored Red Europe Blitz I
Colored Red Africa Blitz III
Colored Red Europe Blitz II
Colored Red Europe Blitz III
Recently Updated
Champions League XIs: Real Madrid
pecheneg
Largest US Cities 1790-2010
pecheneg
Rides in Walt Disney World
pecheneg
Most Oscar Losses (Acting)
pecheneg
Beyoncé Albums
pecheneg
Leaping Animals
pecheneg
Reality TV Shows (A-Z)
bhenderson79
Rickey Henderson's Hall of Fame Teammates
pecheneg
Champions League XIs: Arsenal
pecheneg
Quick Pick: Celebrities in WWE's Hall of Fame
aduchscher
Trending Topics
Crossword
Anime
Marvel
Kpop
NBA
Harry Potter
Disney
Soccer
Pokémon
The Office
WWE
Puzzle
Song
NFL
Country
Your Account Isn't Verified!
In order to create a playlist on Sporcle, you need to verify the email address you used during registration. Go to your
Sporcle Settings
to finish the process.
Report this User
Report this user for behavior that violates our
Community Guidelines
.
Details:
Send Report
Go to the Sporcle.com Mobile Site →
Comments